Devinez l'État Américain Mystère #46 - Statistiques

Statistiques générales
  • Ce quiz a été pris 154 fois
  • Le résultat moyen est 36 sur 38
Statistiques - réponses
Type de Réponse Réponse % Correct
Lettre Trouvée A
100%
Lettre de l'Alphabet E
100%
Lettre de l'Alphabet L
100%
Lettre de l'Alphabet N
100%
Lettre Trouvée O
100%
Lettre de l'Alphabet R
100%
Lettre de l'Alphabet I
99%
Lettre Trouvée K
99%
Lettre de l'Alphabet M
99%
Lettre de l'Alphabet W
99%
Lettre Trouvée D
98%
Lettre Trouvée S
98%
Lettre Trouvée T
98%
Lettre de l'Alphabet Y
98%
Lettre de l'Alphabet C
97%
Lettre de l'Alphabet G
97%
Lettre de l'Alphabet H
96%
Lettre Trouvée U
96%
Lettre de l'Alphabet F
94%
Lettre de l'Alphabet V
94%
Lettre de l'Alphabet B
93%
Lettre de l'Alphabet P
92%
Lettre de l'Alphabet X
92%
Lettre de l'Alphabet Z
91%
Lettre de l'Alphabet Q
90%
Lettre Bien Placée A
89%
Lettre Bien Placée A
89%
Lettre Bien Placée D
89%
Lettre Bien Placée D
89%
Lettre Bien Placée D
89%
État Mystère Dakota du Sud
89%
Lettre de l'Alphabet J
89%
Lettre Bien Placée K
89%
Lettre Bien Placée O
89%
Lettre Bien Placée S
89%
Lettre Bien Placée T
89%
Lettre Bien Placée U
89%
Lettre Bien Placée U
89%
Aucun quiz correspondant
Distribution des résultats
% des personnes avec chaque résultat
Percentile par nombre de réponses
Votre historique - résultats
Vous n’avez pas pris ce quiz